000 01052nam a2200325 i 4500
001 0000240
003 DO-SdBNP
005 20251121123055.0
007 ta
008 110118s1987 dr a 000 0 spa d
040 _aDO-SdBNP
_bspa
_cBNPHU
_erda
041 _aspa
082 4 _a306.8
_bA561m 1987
_222
100 1 _aAndrés, Mateo,
_eautor
_4aut.
_9915
_d1946-
245 1 0 _aMatrimonio adulto :
_bintroducción al diálogo matrimonial /
_cMateo Andrés
250 _aSeptima edición
264 1 _aSanto Domingo :
_bAmigo del Hogar,
_c1987.
300 _a138 páginas :
_bilustraciones ;
_c22 cm.
336 _atexto
_btxt
_2rdacontent
337 _asin mediación
_bn
_2rda media
338 _avolumen
_bnc
_2rdacarrier
590 _aInventariado, 2018/DG
650 4 _aMatrimonio
_xAspectos morales
_943277
650 4 _aEducación para la vida familiar
_92729
650 4 _aMatrimonio
_xAspectos religiosos
_92391
650 4 _aVida cristiana
_9668
650 4 _aFamilias
_9795
910 _aValidado. Control de calidad EMS
942 _2ddc
_cLBS1
999 _c23506
_d23506